| 000 | 00566nam a2200169Ia 4500 | ||
|---|---|---|---|
| 008 | 090711s9999 xx 000 0 und d | ||
| 082 | _b39059 | ||
| 100 | _aभावे पुरुषोत्तम भा. | ||
| 245 | _aविषकन्या | ||
| 260 |
_bकेशव भिकाजी ढवळे _c1944 |
||
| 300 | _a98 | ||
| 600 | _aभावे पुरुषोत्तम भा. | ||
| 630 | _aविषकन्या | ||
| 700 | _aभावे पुरुषोत्तम भा. | ||
| 730 | _aविषकन्या | ||
| 942 | _cBOOK | ||
| 999 |
_c306187 _d306187 |
||